Statistics for Countries of the World by Largest Ski Area (Vertical Drop)

Click here to take the quiz!

General Stats

  • This quiz has been taken 216 times
  • The average score is 24 of 82

Answer Stats

ContinentSki ResortVertical DropAnswer% Correct
EuropeAiguille du Midi2807 m
9209 ft
France
99%
EuropeValles-Verbier2509 m
8231 ft
Switzerland
97%
EuropeKitzsteinhorn-Kaprun2261 m
7417 ft
Austria
95%
North AmericaRevelstoke Mountain1713 m
5620 ft
Canada
94%
EuropeBruiel-Cervinia2337 m
7667 ft
Italy
91%
North AmericaSnowmass1348 m
4428 ft
United States
78%
EuropeNebelhorn-Oberstdorf1396 m
4580 ft
Germany
75%
South AmericaLas Lenas1230 m
4035 ft
Argentina
64%
EuropeSierra Nevada-Pradollino1182 m
3887 ft
Spain
64%
EuropeNorefjell1008 m
3307 ft
Norway
60%
EuropeKasprowy Wierch973 m
3192 ft
Poland
59%
AsiaMitsumata/Kagura/Tashiro1225 m
4019 ft
Japan
58%
South AmericaEl Colorado983 m
3225 ft
Chile
56%
EuropeRosa Khutor1569 m
5147 ft
Russia
50%
OceaniaRoundhill783 m
2668 ft
New Zealand
46%
EuropeBansko1570 m
5150 ft
Bulgaria
44%
EuropeTatranska Lomnica1302 m
4271 ft
Slovakia
44%
AsiaErciyes-Kayseri1258 m
4127 ft
Turkey
42%
EuropeGlencoe Mountain710 m
2329 ft
United Kingdom
41%
AfricaSki Egypt*30 m
98 ft
Egypt
40%
AsiaTochal1940 m
6364 ft
Iran
40%
EuropeHrvatska300 m
984 ft
Croatia
39%
AsiaSki Dubai*85 m
279 ft
United Arab Emirates
38%
OceaniaThredbo672 m
2205 ft
Australia
37%
EuropeHlitharfjall474 m
1555 ft
Iceland
37%
AfricaSki Namibia*70 m
229 ft
Namibia
37%
EuropePal Arinsal/La Massana1010 m
3314 ft
Andorra
36%
EuropeVogel-Bohinj1231 m
4038 ft
Slovenia
35%
EuropeAre894 m
2933 ft
Sweden
35%
AfricaMatroosburg338 m
1110 ft
South Africa
32%
AsiaSnow Town Saigon*5 m
16 ft
Vietnam
31%
EuropeSnowworld Zoertermeer*65 m
213 ft
Netherlands
30%
AsiaMuju Deogjusan884 m
2900 ft
South Korea
30%
EuropeSerra Da Estrela146 m
479 ft
Portugal
29%
AsiaKotkokay1220 m
4002 ft
China
27%
AsiaGulmarg1350 m
4429 ft
India
26%
EuropeSinaia1087 m
3556 ft
Romania
25%
EuropeSki Centre Sandyford*3 m
10 ft
Ireland
24%
South AmericaHuacachina*120 m
394 ft
Peru
24%
EuropeCerna Horna660 m
2165 ft
Czechia
23%
AsiaAk-Bulak-Tagar1050 m
3444 ft
Kazakhstan
23%
EuropeKopaonik960 m
3149 ft
Serbia
21%
AsiaSnowland Penang*25 m
82 ft
Malaysia
20%
North AmericaBosques de Monterreal*51 m
167 ft
Mexico
20%
AsiaTsakhadzor853 m
2798 ft
Armenia
19%
AsiaGuduari1288 m
4225 ft
Georgia
19%
EuropePopovka Sapka817 m
2680 ft
North Macedonia
19%
EuropeMont Des Brumes180 m
591 ft
Belgium
18%
South AmericaSki Mountain Park*30 m
98 ft
Brazil
18%
AsiaThe Cedars755 m
2477 ft
Lebanon
17%
AsiaNorus1524 m
5000 ft
Kyrgyzstan
16%
EuropeKalavrita625 m
2050 ft
Greece
15%
AfricaOukaimeden658 m
2159 ft
Morocco
15%
EuropeYllas518 m
1700 ft
Finland
14%
AsiaMount Hermon440 m
1443 ft
Israel
14%
EuropeBerezovica805 m
2641 ft
Kosovo
14%
AsiaTufandag945 m
3100 ft
Azerbaijan
13%
EuropeBabin Do797 m
2614 ft
Bosnia and Herzegovina
13%
EuropeSavin Kuk698 m
2290 ft
Montenegro
13%
AsiaSandboarding Mesaieed*45 m
148 ft
Qatar
13%
EuropeZahar Berkut552 m
1811 ft
Ukraine
12%
EuropeKekesteto245 m
803 ft
Hungary
11%
AsiaMt. Kumbel-Beldersay850 m
2789 ft
Uzbekistan
11%
AsiaTroodos220 m
721 ft
Cyprus
10%
EuropeMalbun400 m
1312 ft
Liechtenstein
10%
AfricaAfriski192 m
629 ft
Lesotho
9%
EuropeCalarasi276 m
905 ft
Moldova
9%
North AmericaSisorarfiit134 m
440 ft
Denmark(Greenland)
8%
AsiaSafed Dara339 m
1111 ft
Tajikistan
8%
AsiaBamyan35 m
114 ft
Afghanistan
7%
EuropeBigell78 m
255 ft
Albania
7%
EuropeKutiorg75 m
246 ft
Estonia
7%
AsiaTrans Snow World Juanda*20 m
65 ft
Indonesia
7%
EuropeIgnalina85 m
278 ft
Lithuania
7%
AsiaSky Resort220 m
721 ft
Mongolia
7%
AsiaKalinchok15 m
49 ft
Nepal
7%
EuropeSilichy55 m
180 ft
Belarus
6%
EuropeKordes84 m
275 ft
Latvia
6%
AsiaMasik Pass700 m
2297 ft
North Korea
6%
AsiaMalam Jabba201 m
659 ft
Pakistan
6%
AfricaChrea90 m
295 ft
Algeria
5%
AsiaKorek Mountain30 m
98 ft
Iraq
5%

Score Distribution

Percentile by Number Answered

Percent of People with Each Score

Your Score History

You have not taken this quiz